| 000 | 00473nam a22001817a 4500 | ||
|---|---|---|---|
| 003 | SGT | ||
| 020 | _a9789388725996 | ||
| 082 |
_a611 _bA20K |
||
| 100 | _aKHURANA, INDU | ||
| 245 | _aTB. OF ANATOMY & PHYSIOLOGY FOR PRAMEDICAL & HEALTH PROFESSIONALS | ||
| 250 | _a1ST | ||
| 260 |
_aINDIA _bCBS PUB _c2020 |
||
| 300 | _a551 | ||
| 650 | _a ANATOMY & PHYSIOLOGY | ||
| 653 | _aPRAMEDICAL & HEALTH PROFESSIONALS | ||
| 653 | _a ANATOMY & PHYSIOLOGY | ||
| 942 |
_2ddc _cBK _01 |
||
| 999 |
_c27280 _d27280 |
||